Előreláthatósági korlát és kártérítési felelősség összehasonlító jogi szempontok /

Elmentve itt :
Bibliográfiai részletek
Szerző: Kovács Laura
További közreműködők: Nagy Csongor István (Témavezető)
Dokumentumtípus: Szakdolgozat
Megjelent: 2018
Tárgyszavak:
Law
Online Access:http://diploma.bibl.u-szeged.hu/138111
LEADER 00817nta a2200205 i 4500
001 dipl138111
005 20231108143328.0
008 231018s2018 hu om 0|| hun d
040 |a SZTE Diploma Repozitórium  |b hun 
041 |a hun 
100 1 |a Kovács Laura 
245 1 0 |a Előreláthatósági korlát és kártérítési felelősség  |h [elektronikus dokumentum] :  |b összehasonlító jogi szempontok /  |c Laura Kovács 
246 1 0 |a Foreseeability and liability for damages: comparative law aspects  |h [elektronikus dokumentum] 
260 |c 2018 
650 4 |a Jogi és igazgatási tanulmányok 
650 4 |a Social sciences 
650 4 |a Law 
650 4 |a Law, criminology, penology 
700 1 |a Nagy Csongor István  |e ths 
856 4 0 |u https://diploma.bibl.u-szeged.hu/id/eprint/138111/1/2018_kovacs_laura.pdf  |z Dokumentum-elérés